01323nam a2200373 i 4500001000700000003000800007005001700015006001900032007001500051008004100066020001800107020002700125035002300152035002400175035002500199035002100224040003100245050002200276082001200298100003100310245008100341250004400422264005000466300004700516336003100563337003300594338004300627588012500670650001900795650001700814655002700831700002900858856006200887105089FlNmELB20241217173556.0m o d | cr cnu||||||||140429s2013 ck o 000 0 spa d z9789587413014 a9789587413021 (e-book) a(MiAaPQ)EBC3218907 a(Au-PeEL)EBL3218907 a(CaPaEBR)ebr10844994 a(OCoLC)992114245 aFINmELBbspaerdacFINmELB 4aQA39.2bE749 20130 a5102231 aEscudero Trujillo, Rafael.10aMatemáticas básicas /cRafael Escudero Trujillo, Carlos Rojas Álvarez. aTercera edición revisada y aumentada. 1aBarranquilla :bUniversidad del Norte,c2013. a1 recurso en línea (viii, 211 páginas) atextobtxt2rdacontent/spa acomputadorabc2rdamedia/spa arecurso en líneabcr2rdacarrier/spa aDescripción basada en recurso en línea; Título de la página del título en PDF (e-libro, visto April 29, 2014). 4aMatemáticas. 0aMathematics. 4aLibros electrónicos.1 aRojas Álvarez, Carlos.40uhttps://elibro.net/ereader/politecnicointernacional/69883